00707 a2200229 4500020001800000041000800018082002100026100002700047245006300074260003400137300001500171518001400186650002400200650001300224650002800237650001800265650002600283653002800309942001300337999001700350952011000367 a0-8133-0669-X aEng a327.09047bM615g aMiller, Lynn, H.94300 aGlobal order :bvalues and power in international politics aBoulderbWestview Pressc1985 axii, 226p. a2067-8-27 aWrld politics98317 aPolitics aForeign relations92207 aViolence9560 aNuclear weapons94301 aInternational relations 2ddccGEN c48636d48635 00102ddc4070aTUCLbTUCLd2010-12-13l0o327.09047 M615gpG42171r2010-12-13 00:00:00w2010-12-13yGEN